000 00562nam a22001457a 4500
020 _a1-84715-005-5
082 _a823
_bMAC/D
100 _aMACDONALD, ALAN
245 _aDIRTY BELTIE
260 _aLONDON
_bMAGI PUBLI CATIONS
_c2006
300 _a95
520 _aBertie has some very dirty habits: he eats sweets he finds on the pavement, picks his nose, licks the dog and even pees in the garden! However, he soon learns that his unhygienic practices can have unpleasant consequences, and endeavours to give them all up.
650 _aSHORT STORY
942 _cBK
999 _c6183
_d6183